| 000 | 00412nam a2200133Ia 4500 | ||
|---|---|---|---|
| 008 | 211109s9999||||xx |||||||||||||| ||und|| | ||
| 082 |
_a820.9003 _bSIC-A |
||
| 100 | _aSiccomlie, Thomas & Allen, G W, | ||
| 245 | 0 | _aAge of Shakespeare, 1579-1631 | |
| 260 |
_bNATIONAL BOOKSTALL _aKottayam _c1900 |
||
| 630 | _xGeneral Stack | ||
| 650 |
_aEnglish Litertaure _vEnglish DramaShakespeare, William _xEnglish |
||
| 942 | _cBOOK | ||
| 999 |
_c115 _d115 |
||